LEADER 02147nam 2200469 450 001 9910786947403321 005 20221215204501.0 035 $a(CKB)2670000000387692 035 $a(MiAaPQ)EBC3387200 035 $a(Au-PeEL)EBL3387200 035 $a(CaPaEBR)ebr10722204 035 $a(OCoLC)927473331 035 $a(NjHacI)992670000000387692 035 $a(EXLCZ)992670000000387692 100 $a20140227h20052007 uy 0 101 0 $aeng 135 $aurcnu|||||||| 181 $2rdacontent 182 $2rdamedia 183 $2rdacarrier 200 04$aThe annual register$iVolume 246 210 1$aWashington, District of Columbia :$cKeesing's Worldwide,$d2005. 210 4$dİ2007 215 $a1 online resource (666 pages) $cillustrations 225 0 $aAnnual register 300 $aIncludes index. 311 $a1-886994-48-X 320 $aIncludes bibliographical references and index. 327 $aOverviews of the year -- Western and Southern Europe -- Central and Eastern Europe -- Americas and the Caribbean -- Middle East and North Africa -- Equatorial Africa -- Central and Southern Africa -- South Asia and Indian Ocean -- South-east and East Asia -- Australasia and the Pacific -- International organisations -- The international economy -- The sciences -- The law -- Religion -- The arts -- Sport -- Documents and reference -- Obituary -- Chronicle of principal events in 2004. 330 $aProvides a complete and detailed chronicle of historical events from 1758 to the current day. Includes world politics to society weddings, from the latest scientific discoveries to the weather, from the year's best-selling novels to obituaries of authors and other public figures. A new volume is published each year describing the past year's events. 607 $aGreat Britain$xHistory$y21st century$vPeriodicals 607 $aEngland$vPeriodicals 676 $a941.082 702 $aLewis$b D. S. 702 $aSlater$b Wendy 801 0$bMiAaPQ 801 1$bMiAaPQ 801 2$bMiAaPQ 906 $aBOOK 912 $a9910786947403321 996 $aAnnual register$91025332 997 $aUNINA LEADER 00836nam0 2200277 450 001 9910994293603321 005 20250415093504.0 010 $a9781802077551 100 $a20250415d2023----km y0itay50 ba 101 0 $aeng 102 $aGB 105 $aa c 001yy 200 1 $aEdward Cullinan Architects$fKenneth Powel 210 $aLiverpool$cLiverpool University Press$aSwindon$con behalf of Historic England$d2023 215 $aXI, 148 p.$cill.$d24 cm 225 1 $aTwentieth century architects 610 0 $aCullinan, Edward 610 0 $aArchitettura$aGran Bretagna$aStoria 700 1$aPowell,$bKen$0198988 801 0$aIT$bUNINA$gREICAT$2UNIMARC 901 $aBK 912 $a9910994293603321 952 $aMON B 2068$b270/2025$fFARBC 959 $aFARBC 996 $aEdward Cullinan Architects$94353500 997 $aUNINA LEADER 01609oas 2200649 a 450 001 9910147216603321 005 20260218110853.0 035 $a(DE-599)ZDB2394283-6 035 $a(OCoLC)243599981 035 $a(CONSER) 2010267526 035 $a(CKB)1000000000294632 035 $a(DE-599)2394283-6 035 $a(EXLCZ)991000000000294632 100 $a20080812a20049999 uy b 101 0 $afre 135 $aur||||||||||| 181 $ctxt$2rdacontent 182 $cc$2rdamedia 183 $acr$2rdacarrier 200 00$aInterval(le)s 210 $aLie?ge $cCentre Interdisciplinaire de Poe?tique Applique?e 300 $aRefereed/Peer-reviewed 311 08$a1784-8180 517 3 $aIntervalles 517 3 $aIntervals 606 $aArts$vPeriodicals 606 $aHumanities$vPeriodicals 606 $aArts$2fast$3(OCoLC)fst00817721 606 $aHumanities$2fast$3(OCoLC)fst00963588 608 $aPeriodicals.$2fast 615 0$aArts 615 0$aHumanities 615 7$aArts. 615 7$aHumanities. 686 $a405$2zdbs 686 $a440$2zdbs 712 02$aCentre interdisciplinaire de poe?tique applique?e 801 0$bSFB 801 1$bSFB 801 2$bDEBBG 801 2$bJPG 801 2$bGWDNB 801 2$bOCLCQ 801 2$bGBVCP 801 2$bOCLCQ 801 2$bOCLCF 801 2$bOCLCO 801 2$bOCLCQ 801 2$bSRU 801 2$bBWN 801 2$bOCLCQ 801 2$bOCLCL 801 2$bOCLCQ 906 $aJOURNAL 912 $a9910147216603321 996 $aInterval(le)s$92196395 997 $aUNINA